书目信息 |
| 题名: |
可再生能源
|
|
| 作者: | 王爽 , 冯永强 , 马文标 主编 | |
| 分册: | ||
| 出版信息: | 镇江 江苏大学出版社 2021.12 |
|
| 页数: | 270页 | |
| 开本: | 26cm | |
| 丛书名: | ||
| 单 册: | ||
| 中图分类: | TK01 | |
| 科图分类: | ||
| 主题词: | 再生能源--zai sheng neng yuan--高等学校--教材--英文 | |
| 电子资源: | ||
| ISBN: | 978-7-5684-1762-4 | |
| 000 | 01284nam0 2200301 450 | |
| 001 | 28136 | |
| 005 | 20221008150455.10 | |
| 010 | @a978-7-5684-1762-4@dCNY55.00 | |
| 100 | @a20220824d2021 em y0chiy50 ba | |
| 101 | 0 | @aeng |
| 102 | @aCN@b320000 | |
| 105 | @aa a 000yy | |
| 200 | 1 | @a可再生能源@Ake zai sheng neng yuan@d= 可再生能源@f主编王爽, 冯永强, (埃及) 马文标@zchi |
| 205 | @a第2版 | |
| 210 | @a镇江@c江苏大学出版社@d2021.12 | |
| 215 | @a270页@c图@d26cm | |
| 306 | @a国家一流本科专业 (江苏大学新能源科学与工程专业、能源与动力工程专业) 建设经费资助出版 | |
| 320 | @a有书目 | |
| 330 | @a本书在简要概述可再生能源的概念、种类和重要意义的基础上, 重点介绍太阳热能与光伏能、生物质能源、风能等, 还重点介绍多种可再生能源联合应用与分布式能源循环系统的关键技术。本书为英文表述, 在知识点讲解时嵌入许多可再生能源的工程案例介绍, 使得理论讲述获得典型应用的辅助支撑, 更易教学理解和掌握。 | |
| 333 | @a“十三五”江苏省高等学校重点教材 | |
| 510 | 1 | @a可再生能源@zchi |
| 606 | 0 | @a再生能源@Azai sheng neng yuan@x高等学校@x教材@x英文 |
| 690 | @aTK01@v5 | |
| 701 | 0 | @a王爽@Awang shuang@4主编 |
| 701 | 0 | @a冯永强@Afeng yong qiang@4主编 |
| 701 | 1 | @a马文标@Ama wen biao@g(Abomohra, Abdelfatah)@4主编 |
| 801 | 0 | @aCN@c20220910 |
| 905 | @a河南城建学院图书馆@dTK01@eW352=2@f2 | |
| 可再生能源= 可再生能源/主编王爽, 冯永强, (埃及) 马文标.-第2版.-镇江:江苏大学出版社,2021.12 |
| 270页:图;26cm |
| 使用对象:“十三五”江苏省高等学校重点教材 |
| ISBN 978-7-5684-1762-4:CNY55.00 |
| 本书在简要概述可再生能源的概念、种类和重要意义的基础上, 重点介绍太阳热能与光伏能、生物质能源、风能等, 还重点介绍多种可再生能源联合应用与分布式能源循环系统的关键技术。本书为英文表述, 在知识点讲解时嵌入许多可再生能源的工程案例介绍, 使得理论讲述获得典型应用的辅助支撑, 更易教学理解和掌握。 |
| ● |
| 相关链接 |
|
|
|
正题名:可再生能源
索取号:TK01/W352=2
 
预约/预借
| 序号 | 登录号 | 条形码 | 馆藏地/架位号 | 状态 | 备注 |
| 1 | 1580859 | 215808598 | 自科库501/501自科库 135排7列5层/ [索取号:TK01/W352=2] | 在馆 | |
| 2 | 1580860 | 215808605 | 自科库501/501自科库 135排7列5层/ [索取号:TK01/W352=2] | 在馆 |